[Event "ch-AUT w"]
[Site "Tweng AUT"]
[Date "2007.08.10"]
[Round "7"]
[White "Zechner,A"]
[Black "Froewis,A"]
[Result "1-0"]
[WhiteElo "1965"]
[BlackElo "1873"]

1.d4 d5 2.c4 e6 3.Nc3 Nf6 4.Nf3 c6 5.e3 Nbd7 6.Bd3 dxc4 7.Bxc4 b5 8.Bd3 Bb7
9.O-O Bd6 10.e4 e5 11.Bg5 O-O 12.Rc1 Re8 13.Re1 a6 14.Bb1 Rc8 15.a3 c5 16.d5 c4
17.Ne2 Bc5 18.Ng3 Qb6 19.Qe2 Ng4 20.Rf1 h6 21.Bd2 Nf8 22.h3 Nf6 23.Nh4 Rcd8
24.Ngf5 Ng6 25.Nxg6 fxg6 26.Ne3 Rf8 27.Qe1 Qd6 28.Nc2 Nh5 29.Be3 Nf4 30.Bxc5 Qxc5
31.Ne3 Qd4 32.Rc3 Rd6 33.Kh2 Rdf6 34.g3 Nd3 35.Bxd3 cxd3 36.Nd1 Rf3 37.Rc7 Bc8
38.Kg2 R3f6 39.Qe3 Qxe3 40.Nxe3 d2 41.Rc2 Bxh3+ 42.Kxh3 Rxf2 43.Rxf2 Rxf2
44.Nd1 Re2 45.Kg4 Rxe4+ 46.Kf3 Rd4 47.Ke3 Rxd5 48.Rxd2 Rc5 49.Ke4 b4 50.axb4 Rb5
51.Ne3 Rxb4+ 52.Kxe5 a5 53.Nd5 Rb3 54.Nc3 a4 55.Nxa4 Rxg3 56.Nc5 Rg1 57.Rd8+ Kh7
58.b4 Rb1 59.Rb8 h5 60.Kf4 h4 61.Ne6 g5+ 62.Nxg5+ Kg6 63.Nh3 Kh5 64.Rb5+ Kh6
65.Kg4 g6 66.Kxh4  1-0

[Event "Open"]
[Site "Callao PER"]
[Date "2007.08.11"]
[Round "4"]
[White "Salas,Cr"]
[Black "Calizaya,M"]
[Result "0-1"]
[WhiteElo "2412"]
[BlackElo "2125"]

1.d4 d5 2.c4 c6 3.Nf3 Nf6 4.Nc3 e6 5.e3 Bd6 6.Qc2 O-O 7.e4 dxe4 8.Nxe4 Nxe4
9.Qxe4 Bb4+ 10.Bd2 Bxd2+ 11.Nxd2 Nd7 12.Bd3 Nf6 13.Qe3 Ng4 14.Qh3 f5 15.Nb3 a5
16.f3 a4 17.fxg4 axb3 18.Qe3 Rxa2 19.Rb1 fxg4 20.Qe4 Qa5+ 21.Ke2 Qh5 22.Qe5 Qxe5+
23.dxe5 Ra5 24.Kd2 Rxe5 25.Rbf1 Rd8 26.Re1 Rc5 27.Kc3 e5 28.Rd1 Be6 29.Bxh7+ Kxh7
30.Rxd8 Rxc4+ 31.Kd3 Rc2 32.Re8 Bc4+ 33.Ke4 Rxb2 34.Re7 b5 35.Rxe5 Rxg2 36.Kd4 b2
37.Ree1 Ba2 38.Kc5 Rc2+ 39.Kb6 b4 40.Ka5 c5 41.Kb5 b3 42.Ka4 c4 43.Kb5 c3
44.Kc4 Rc1 45.Kb4 Rxe1 46.Rxe1 c2  0-1

[Event "5th Staunton Mem"]
[Site "London ENG"]
[Date "2007.08.11"]
[Round "5"]
[White "Sokolov,Iv NED"]
[Black "Smeets,J"]
[Result "1/2-1/2"]
[WhiteElo "2666"]
[BlackElo "2538"]

1.d4 d5 2.c4 c6 3.Nc3 Nf6 4.Nf3 e6 5.e3 Nbd7 6.Bd3 dxc4 7.Bxc4 b5 8.Bd3 Bb7
9.O-O a6 10.a4 b4 11.Ne4 c5 12.Nxf6+ Nxf6 13.dxc5 Nd7 14.c6 Bxc6 15.Qe2 Nc5
16.Rd1 Nxd3 17.Rxd3 Qb6 18.b3 Be7 19.Bb2 O-O 20.Ne5 Rfd8 21.Qg4 Bf8 22.Rad1 Rxd3
23.Rxd3 Be8 24.Nc4 Qc5 25.h3 Rc8 26.Rd2 Qf5 27.Qe2 Qc5 28.Bd4 Qc6 29.e4 Rd8
30.Qe3 h6 31.Kh1 Kh7 32.f3 f6 33.e5 f5 34.Bb6 Rd5 35.Rd4 Qb7 36.a5 Bc6 37.Nd6 Qd7
38.Rxd5 Bxd5 39.Bc5 Qc7 40.Bxb4 Qc2 41.Bc5 Be7 42.b4 Bg5 43.Qf2 Qd1+ 44.Qg1 Qe2
45.Qf2 Qd1+ 46.Qg1 Qb3 47.Qd4 Bc1 48.Ne8 Bb2 49.Qg1 Bxe5 50.Bd4 Bf4 51.Nxg7 Kg6
52.Qe1 Qc2 53.Kg1 Qd2 54.Qxd2 Bxd2 55.b5 axb5 56.a6 b4 57.a7 e5 58.Bxe5 Be3+
59.Kf1 Bxa7 60.g4 fxg4 61.fxg4 Kg5 62.Bb2 Bc4+ 63.Ke1 Be3 64.Nf5 Bf4 65.Kf2 Bd3
66.Ne3 Be4 67.Ng2 Bd2 68.Kg3 Bxg2 69.h4+ Kg6 70.Kxg2 Be1 71.h5+ Kf7 72.Bc1 b3
73.Kf3 Bd2 74.Ba3 Ke6 75.Ke4 Bc3 76.Kd3 b2 77.Kc2 Kf6 78.Bxb2  1/2-1/2

[Event "17th Chess Festival"]
[Site "Abu Dhabi UAE"]
[Date "2007.08.12"]
[Round "1"]
[White "Sale,S"]
[Black "Khouri,A"]
[Result "1-0"]
[WhiteElo "2411"]
[BlackElo "1957"]

1.Nf3 Nf6 2.d4 d5 3.c4 e6 4.Nc3 c6 5.e3 Bd6 6.Qc2 O-O 7.b3 Nbd7 8.Bb2 Re8
9.Be2 a6 10.O-O b5 11.e4 b4 12.e5 bxc3 13.Bxc3 Bxe5 14.dxe5 Ne4 15.Bb2 Bb7
16.Rac1 h6 17.Rfd1 Qb6 18.Bd3 Ndc5 19.Bd4 Qc7 20.Bxc5 Nxc5 21.Bh7+ Kh8 22.cxd5 cxd5
23.b4 Bc6 24.Bd3 Nxd3 25.Rxd3 Qb7 26.Rc3 Bd7 27.Rc7 Qb5 28.a3 Rec8 29.Nd4 Rxc7
30.Qxc7 Qa4 31.Qb7 Rd8 32.Ra1 Rc8 33.h3 Rc4 34.Nf3 Kg8 35.Re1 Bc6 36.Qb8+ Kh7
37.Qa7 Rf4 38.Qe3 Rc4 39.Rc1 Bb5 40.Nd4 Rxc1+ 41.Qxc1 Bc4 42.Qc2+ Qxc2 43.Nxc2 Kg6
44.Nd4 f6 45.f4 Kf7 46.a4 g5 47.g3 gxf4 48.gxf4 fxe5 49.fxe5 Kg6 50.Kf2 Kg5
51.Kg3 Bd3 52.a5 Kg6 53.Kf4 Bc4 54.b5  1-0

[Event "17th Chess Festival"]
[Site "Abu Dhabi UAE"]
[Date "2007.08.12"]
[Round "1"]
[White "Jankovic,A"]
[Black "El Arousy,A"]
[Result "1-0"]
[WhiteElo "2536"]
[BlackElo "2301"]

1.d4 d5 2.c4 c6 3.Nc3 Nf6 4.e3 e6 5.Nf3 Nbd7 6.Bd3 dxc4 7.Bxc4 b5 8.Bd3 Bb7
9.e4 b4 10.Na4 c5 11.e5 Nd5 12.O-O cxd4 13.Re1 Be7 14.Nxd4 g6 15.Qg4 Qa5
16.b3 Nc7 17.Nf3 O-O 18.Bf4 Rfd8 19.Nb2 Nd5 20.Bg5 N7b6 21.Qh4 Bxg5 22.Nxg5 h5
23.Nc4 Nxc4 24.bxc4 Nc3 25.Nxf7 Rxd3 26.Qf6 Rd7 27.Qxg6+ Kf8 28.Ng5 Re7 29.Nxe6+ Rxe6
30.Qxe6 Qc7 31.Re3 Qg7 32.Qd6+ Qe7 33.a3 Qxd6 34.exd6 Rd8 35.axb4  1-0

[Event "FSGM August"]
[Site "Budapest HUN"]
[Date "2007.08.12"]
[Round "7"]
[White "Rajlich,I"]
[Black "Lorscheid,G"]
[Result "1-0"]
[WhiteElo "2406"]
[BlackElo "2309"]

1.d4 d5 2.c4 c6 3.Nc3 Nf6 4.Nf3 e6 5.e3 Nbd7 6.Qc2 Bd6 7.g4 dxc4 8.Bxc4 e5
9.g5 Nd5 10.Bd2 O-O 11.Nxd5 cxd5 12.Bxd5 exd4 13.O-O-O Nb6 14.Be4 Bg4 15.Bxh7+ Kh8
16.Nxd4 Bxd1 17.Rxd1 Qxg5 18.Bf5 Bc5 19.Kb1 Bxd4 20.exd4 Qh5 21.Rg1 Qf3 22.Rg3 Qh1+
23.Bc1 g6 24.Qd2  1-0

[Event "Open"]
[Site "Callao PER"]
[Date "2007.08.12"]
[Round "7"]
[White "Terry,R"]
[Black "Luque,W"]
[Result "1-0"]
[WhiteElo "2203"]
[BlackElo "2077"]

1.d4 Nf6 2.Nf3 d5 3.c4 c6 4.Nc3 e6 5.e3 Nbd7 6.Bd3 dxc4 7.Bxc4 b5 8.Bd3 a6
9.a4 b4 10.Ne4 c5 11.dxc5 Nxc5 12.Nxc5 Bxc5 13.O-O Bb7 14.Qe2 O-O 15.Rd1 Qe7
16.e4 e5 17.h3 Ne8 18.Bc4 Nd6 19.Bg5 Qc7 20.Bd5 h6 21.Bh4 Bxd5 22.Rxd5 f6
23.Rad1 Rf7 24.Kh1 Nb7 25.Bg3 Kh7 26.Nh4 Rd8 27.Qxa6 Rxd5 28.exd5 Nd6 29.Qd3+ Kg8
30.b3 Qb6 31.Qe2 Rc7 32.Nf3 Qb7 33.Nh4 Ba7 34.Qg4 Re7 35.Nf5 Nxf5 36.Qxf5 Bd4
37.d6 Rd7 38.Qe6+ Kh7 39.f4 Qc6 40.fxe5 fxe5 41.Bxe5 Bxe5 42.Qxe5 Qc2 43.Qd5 Kh8
44.a5 Qe2 45.Rc1 Qf2 46.Qa8+ Kh7 47.Qe4+  1-0

[Event "12th WY U16 Ol"]
[Site "Singapore SIN"]
[Date "2007.08.12"]
[Round "10"]
[White "Ikeda,J"]
[Black "Tran Ngoc Lan"]
[Result "1-0"]
[WhiteElo "2194"]
[BlackElo "2073"]

1.d4 d5 2.Nf3 Nf6 3.c4 e6 4.Nc3 c6 5.e3 Nbd7 6.Qc2 Be7 7.g4 Nxg4 8.Rg1 f5
9.h3 Ngf6 10.Rxg7 Ne4 11.Bd2 Ng5 12.Nxg5 Bxg5 13.cxd5 Qf6 14.Rxg5 Qxg5 15.e4 Qf6
16.e5 Nxe5 17.dxe5 Qxe5+ 18.Ne2 Qxd5 19.O-O-O Qxa2 20.Bc3 Rg8 21.Qd3 Kf7
22.Qd4 e5 23.Qxe5 Be6 24.Nf4 Qa1+ 25.Kd2 Rad8+ 26.Bd3 Rxd3+ 27.Nxd3 Qa2 28.Qc7+ Ke8
29.Bb4  1-0

[Event "17th Chess Festival"]
[Site "Abu Dhabi UAE"]
[Date "2007.08.13"]
[Round "2"]
[White "Ivanov,MM"]
[Black "Anastasian,A"]
[Result "0-1"]
[WhiteElo "2455"]
[BlackElo "2555"]

1.d4 Nf6 2.c4 e6 3.Nf3 d5 4.Nc3 c6 5.e3 Nbd7 6.Be2 dxc4 7.a4 c5 8.O-O Be7
9.e4 O-O 10.d5 exd5 11.e5 d4 12.exf6 Bxf6 13.Nd5 d3 14.Bxd3 cxd3 15.Qxd3 Ne5
16.Nxf6+ Qxf6 17.Nxe5 Qxe5 18.Qc3 Qf5 19.b4 cxb4 20.Qxb4 b6 21.Bb2 Bb7 22.Ra3 Rae8
23.Rg3 f6 24.h3 Re4 25.Qd6 h5 26.Rc1 Qd5  0-1

[Event "ch-FRA"]
[Site "Aix-les-Bains FRA"]
[Date "2007.08.13"]
[Round "1"]
[White "Dorfman,J"]
[Black "Bauer,Ch"]
[Result "1-0"]
[WhiteElo "2584"]
[BlackElo "2626"]

1.d4 d5 2.c4 c6 3.e3 Nf6 4.Nc3 e6 5.Nf3 Nbd7 6.Qc2 a6 7.Bd2 c5 8.cxd5 exd5
9.Be2 Be7 10.O-O O-O 11.Rfd1 cxd4 12.Nxd4 Nc5 13.Be1 Be6 14.Nf5 Rc8 15.Nxe7+ Qxe7
16.Rd4 Nce4 17.Qb3 Nd6 18.Qb4 Qc7 19.Bf3 Nf5 20.Rdd1 Ne7 21.Ne2 Nc6 22.Qf4 Ne5
23.Bc3 Nxf3+ 24.gxf3 Qe7 25.Bb4 Qd7 26.Bxf8 Rxf8 27.Nd4 Ne8 28.Rac1 Qe7 29.Kh1 Bd7
30.Rg1 g6 31.a3 a5 32.Rc3 f6 33.Rgc1 a4 34.Rc5 Qf7 35.Qb8 Bh3 36.Qd8 Kh8
37.Qxd5 Qe7 38.Qe4 Qf7 39.Qf4 g5 40.Qg3 Bd7 41.Qb8 g4 42.f4 Qe7 43.Qxb7 Nd6
44.Qg2 Ne4 45.Rc7 f5 46.Nxf5 Rxf5 47.Rxd7 Nxf2+ 48.Qxf2 Qxd7 49.Qc2 Rd5 50.Qc8+ Qxc8
51.Rxc8+ Kg7 52.Kg2 Rd2+ 53.Kg3 h5 54.Rc4 Re2 55.Re4 Kf6 56.h3 gxh3 57.Kxh3 Rxb2
58.Rxa4 Rb3 59.Ra6+ Kf7 60.Kh4 Rxe3 61.Kxh5 Rg3 62.a4 Rg1 63.a5 Rg2 64.Rb6 Rg1
65.a6 Rg2 66.Kh4 Rg1 67.Kh3 Kg7 68.Kh2 Ra1 69.Kg3  1-0

[Event "FSGM August"]
[Site "Budapest HUN"]
[Date "2007.08.13"]
[Round "8"]
[White "Berczes,D"]
[Black "Bromberger,S"]
[Result "1-0"]
[WhiteElo "2450"]
[BlackElo "2500"]

1.d4 d5 2.c4 c6 3.Nc3 Nf6 4.e3 e6 5.Nf3 Nbd7 6.Bd3 dxc4 7.Bxc4 b5 8.Bd3 a6
9.a4 b4 10.Ne4 Bb7 11.O-O c5 12.Ned2 Be7 13.Qe2 O-O 14.e4 cxd4 15.e5 Nd5
16.Nb3 Qb8 17.Re1 Rd8 18.h4 h6 19.Nfxd4 Nxe5 20.Qxe5 Qxe5 21.Rxe5 Bf6 22.Re1 Bxd4
23.Nxd4 Nf4 24.Be4 Bxe4 25.Bxf4 Rxd4 26.Be5 Rad8 27.Bxd4 Rxd4 28.Rad1 Rd5
29.Rxd5 Bxd5 30.Rc1  1-0

[Event "5th Staunton Mem"]
[Site "London ENG"]
[Date "2007.08.13"]
[Round "7"]
[White "Timman,J"]
[Black "Smeets,J"]
[Result "0-1"]
[WhiteElo "2560"]
[BlackElo "2538"]

1.d4 d5 2.c4 c6 3.Nf3 Nf6 4.Nc3 e6 5.e3 Nbd7 6.Bd3 dxc4 7.Bxc4 b5 8.Bd3 Bb7
9.O-O a6 10.a4 b4 11.Ne4 c5 12.Nxf6+ Nxf6 13.dxc5 Nd7 14.c6 Bxc6 15.Nd4 Bb7
16.Be2 Be7 17.Bf3 Qc7 18.Bd2 Ne5 19.Bxb7 Qxb7 20.Qh5 Bf6 21.Rfd1 O-O 22.Be1 Rfd8
23.Qe2 Rac8 24.b3 Nd7 25.Rac1 Rxc1 26.Rxc1 Bxd4 27.exd4 Nf6 28.Qc4 Nd5 29.Qc6 Qxc6
30.Rxc6 Kf8 31.a5 Ke7 32.Rxa6 Rc8 33.Bd2 Kf6 34.Kf1 Rc2 35.Ke2 Rb2 36.Kd3 Rxb3+
37.Kc2 Ra3 38.Bc1 Rc3+ 39.Kd2 b3 40.Kd1 Rd3+ 41.Ke2 Rc3 42.Kd1 Rc2 43.Bd2 Rxd2+
44.Kxd2 b2  0-1

[Event "ch-FRA"]
[Site "Aix-les-Bains FRA"]
[Date "2007.08.14"]
[Round "2"]
[White "Tkachiev,V"]
[Black "Guidarelli,L"]
[Result "1-0"]
[WhiteElo "2655"]
[BlackElo "2450"]

1.d4 d5 2.c4 c6 3.Nc3 Nf6 4.Nf3 e6 5.e3 Nbd7 6.Bd3 dxc4 7.Bxc4 b5 8.Bd3 Bd6
9.O-O O-O 10.Bd2 Bb7 11.Rc1 Qb8 12.e4 e5 13.dxe5 Bxe5 14.Nxe5 Nxe5 15.Be2 Rd8
16.Qc2 c5 17.Bg5 Neg4 18.g3 Qe5 19.Bxf6 Nxf6 20.Bxb5 Rd4 21.f3 Rad8 22.Rcd1 g5
23.Bc4 g4 24.fxg4 Rxd1 25.Rxd1 Rxd1+ 26.Qxd1 Nxe4 27.Nxe4 Qxe4 28.Qd8+ Kg7
29.Qg5+ Kf8 30.Qxc5+ Kg7 31.Qg5+ Kf8 32.Qc5+ Kg7 33.Kf2 Qg2+ 34.Ke1 Qxb2
35.Qg5+ Kf8 36.Qh6+ Kg8 37.Qf4 Qc3+ 38.Ke2 Qc2+ 39.Ke3 Qc3+ 40.Bd3 Qe1+ 41.Be2 Qc1+
42.Kf2 Qh1 43.h4 Bd5 44.h5 h6 45.g5 Qg2+ 46.Ke3 Qg1+ 47.Kd2 Qb6 48.gxh6 Qa5+
49.Kd1 Bxa2 50.Bd3 Bb3+ 51.Ke2 Qxh5+ 52.g4  1-0

[Event "Acropolis Open"]
[Site "Athens GRE"]
[Date "2007.08.14"]
[Round "1"]
[White "Logothetis,S"]
[Black "Malakhatko,V"]
[Result "1-0"]
[WhiteElo "2300"]
[BlackElo "2596"]

1.c4 e6 2.Nc3 d5 3.d4 c6 4.e3 Nf6 5.Nf3 a6 6.c5 Nbd7 7.b4 Qc7 8.Bd3 g6 9.O-O Bg7
10.Na4 O-O 11.Bb2 Rb8 12.Rc1 e5 13.Nxe5 Nxe5 14.dxe5 Ng4 15.Be2 Nxe5 16.f4 Nd7
17.Bxg7 Kxg7 18.Qd4+ Kg8 19.e4 dxe4 20.Nc3 a5 21.a3 axb4 22.axb4 b6 23.Nxe4 bxc5
24.bxc5 f6 25.Bc4+ Kh8 26.Be6 Kg7 27.Rcd1 Rb7 28.Nd6 Nxc5 29.Qxc5 Bxe6 30.Nxb7 Qxb7
31.Rfe1 Bf7 32.Rd6 Re8 33.Rxe8 Bxe8 34.Rd8 Qb1+ 35.Kf2 Qa2+ 36.Kg3 Qe6 37.h3 h5
38.Ra8 Qe4 39.Qd6 Qe3+ 40.Kh2 h4 41.Ra3 Qe4 42.Ra7+ Bf7 43.Ra8 Be8 44.Qb8 Kf8
45.Ra7 Qd3 46.Qb4+ Kg8 47.Qe7  1-0

[Event "New England Masters"]
[Site "Peabody USA"]
[Date "2007.08.14"]
[Round "3"]
[White "Perelshteyn,E"]
[Black "Vigorito,D"]
[Result "1-0"]
[WhiteElo "2540"]
[BlackElo "2393"]

1.d4 d5 2.c4 c6 3.Nf3 Nf6 4.Nc3 e6 5.e3 Nbd7 6.Qc2 Bd6 7.g4 Bb4 8.Bd2 b6
9.g5 Bxc3 10.Bxc3 Ne4 11.Rg1 Bb7 12.Bd3 Nxc3 13.Qxc3 dxc4 14.Bxc4 c5 15.d5 O-O
16.O-O-O exd5 17.Bxd5 Bxd5 18.Rxd5 Qe8 19.Qd3 c4 20.Qd4 Nc5 21.Qxc4 Rc8 22.Kb1 b5
23.Qd4 Ne6 24.Qd3 Nc5 25.Qf5 b4 26.Rc1 Ne6 27.Rxc8 Qxc8 28.Qd3 Qc7 29.Qc2 Qb7
30.e4 Rc8 31.Qd2 Qc7 32.Ne5 Nxg5 33.Rd4 h6 34.Rc4 Qb8 35.Qxb4 Qa8 36.Rxc8+ Qxc8
37.f4 Nh7 38.Qe7 Nf6 39.Qxf7+ Kh8 40.Ng6+ Kh7 41.Nf8+ Kh8 42.Ne6 Ne8 43.Qf8+ Kh7
44.Qf5+ Kg8 45.Nd4 Qb8 46.a3 Kh8 47.e5 Qd8 48.Qe4 Nc7 49.f5 Nd5 50.Ne6 Qd7
51.Qd4 Qc6 52.Qc5 Qb7 53.Ka2 Kh7 54.Nd8 Qd7 55.Nc6 Nb6 56.e6 Qd3 57.e7 Qe2
58.Ne5 Na4 59.Qd4  1-0

[Event "Independence Cup A"]
[Site "Kyiv UKR"]
[Date "2007.08.15"]
[Round "3"]
[White "Henrichsen,J"]
[Black "Chernozem,S"]
[Result "1/2-1/2"]
[WhiteElo "2018"]
[BlackElo "2098"]

1.d4 d5 2.c4 c6 3.Nf3 Nf6 4.Nc3 e6 5.e3 Nbd7 6.Qc2 Be7 7.e4 dxe4 8.Nxe4 Nxe4
9.Qxe4 Nf6 10.Qc2 c5 11.dxc5 Bxc5 12.Bg5 Qa5+ 13.Bd2 Bb4 14.Rd1 O-O 15.a3 Bxd2+
16.Qxd2 Qxd2+ 17.Rxd2 Bd7 18.Ne5 Ba4 19.Bd3 Rfd8 20.Ke2 Kf8 21.b3 Be8 22.Rhd1 Ke7
23.g4 h6 24.h4 Rd4 25.f3 Rad8 26.Bc2 Rxd2+ 27.Rxd2 Rxd2+ 28.Kxd2  1/2-1/2

[Event "Open"]
[Site "Ptuj SLO"]
[Date "2007.08.15"]
[Round "5"]
[White "Vujec,I"]
[Black "Napast,V"]
[Result "0-1"]
[WhiteElo "1921"]
[BlackElo "2068"]

1.d4 d5 2.c4 e6 3.Nc3 c6 4.e3 Nf6 5.Nf3 Nbd7 6.Be2 Bd6 7.O-O O-O 8.a3 Ne4
9.Nxe4 dxe4 10.Nd2 f5 11.f3 exf3 12.Nxf3 Nf6 13.b4 Bd7 14.Bb2 a5 15.Qb3 a4
16.Qd3 Be8 17.Nd2 Bg6 18.Bf3 Qe7 19.e4 fxe4 20.Nxe4 Nxe4 21.Bxe4 Qh4 22.g3 Qxe4
23.Qxe4 Bxe4 24.Rfe1 Bf5 25.Rad1 Rad8 26.Rd2 c5 27.bxc5 Bxc5 28.Re5 b6 29.Ree2 Be7
30.d5 Bh3 31.Re1 exd5 32.cxd5 Bc5+ 33.Kh1 Rf5  0-1

[Event "TCh-ESP CECLUB Norte Div 1"]
[Site "Sabadell ESP"]
[Date "2007.08.15"]
[Round "1"]
[White "Hernandez Carmenates,Hold"]
[Black "Leiro Giralt,D"]
[Result "1-0"]
[WhiteElo "2544"]
[BlackElo "2247"]

1.d4 d5 2.c4 c6 3.Nc3 e6 4.e3 Nf6 5.Nf3 Nbd7 6.Bd3 Bd6 7.O-O O-O 8.e4 dxc4
9.Bxc4 e5 10.Bg5 Re8 11.Bh4 exd4 12.Qxd4 Ne5 13.Rad1 Nxf3+ 14.gxf3 Bc7 15.Qxd8 Bxd8
16.e5 Nd7 17.Bxd8 Rxd8 18.e6 fxe6 19.Bxe6+ Kf8 20.Bh3 Rb8 21.Rd6 b6 22.Rfd1 Ke7
23.Re6+ Kf8 24.Rxc6  1-0

[Event "TCh-ESP CECLUB Norte Div 1"]
[Site "Sabadell ESP"]
[Date "2007.08.15"]
[Round "1"]
[White "Cruz Lopez Claret,C"]
[Black "Cuartas,Ja"]
[Result "1/2-1/2"]
[WhiteElo "2320"]
[BlackElo "2504"]

1.d4 d5 2.c4 c6 3.Nc3 Nf6 4.e3 e6 5.Nf3 Nbd7 6.Bd3 dxc4 7.Bxc4 b5 8.Bd3 Bd6
9.O-O a6 10.e4 e5 11.Bg5 exd4 12.Nxd4 Ne5 13.Bc2 Bg4 14.f3 Bc5 15.Ne2 Be6
16.Kh1 Bc4 17.Nf5 O-O 18.Qe1 Ng6 19.Rd1 Qc7 20.Bxf6 gxf6 21.Bb3 Bxe2 22.Qxe2 Rfd8
23.Nh6+ Kg7 24.Nf5+ Kh8 25.Nh6 Kg7 26.Nf5+ Kh8 27.Nh6 Kg7 28.Nf5+  1/2-1/2

[Event "17th Chess Festival"]
[Site "Abu Dhabi UAE"]
[Date "2007.08.16"]
[Round "5"]
[White "Mamedjarova,Z"]
[Black "Mouradian,K"]
[Result "1/2-1/2"]
[WhiteElo "2384"]
[BlackElo "2164"]

1.d4 d5 2.c4 c6 3.Nf3 Nf6 4.e3 e6 5.Nc3 Nbd7 6.Bd3 dxc4 7.Bxc4 b5 8.Bd3 Bb7
9.O-O b4 10.Na4 c5 11.dxc5 Bxc5 12.Nxc5 Nxc5 13.Bb5+ Ke7 14.Qd4 Qb6 15.Bc4 Bxf3
16.gxf3 Rad8 17.Qf4 g5 18.Qg3 Rhg8 19.Be2 h5 20.Kh1 g4 21.b3 h4 22.Qxh4 Rh8
23.Qg3 Rh3 24.Qg2 Rdh8 25.fxg4 Qb8 26.f4 Rxh2+ 27.Qxh2 Rxh2+ 28.Kxh2 Qh8+
29.Kg2 Nxg4 30.Bxg4 Qxa1 31.Bd2 Qg7 32.Kf2 Qxg4 33.Bxb4 Qh4+ 34.Kg2 Qh5 35.Rc1 Qe2+
36.Kh1 Qf3+ 37.Kh2  1/2-1/2

[Event "TCh-ESP CECLUB Norte Div 1"]
[Site "Sabadell ESP"]
[Date "2007.08.16"]
[Round "3"]
[White "Comas Fabrego,L"]
[Black "Cuartas,Ja"]
[Result "1/2-1/2"]
[WhiteElo "2486"]
[BlackElo "2504"]

1.d4 d5 2.c4 c6 3.Nf3 Nf6 4.Nc3 e6 5.e3 Nbd7 6.Bd3 dxc4 7.Bxc4 b5 8.Be2 Bd6
9.O-O O-O 10.e4 e5 11.Bg5 a6 12.Kh1 h6 13.Bh4 Bb7 14.Bg3 Qb8 15.dxe5 Nxe5
16.Nxe5 Bxe5 17.Bxe5 Qxe5 18.f4 Qc7 19.e5 Rad8 20.Qc1  1/2-1/2

[Event "ch-Euro IBCA"]
[Site "Durham ENG"]
[Date "2007.08.17"]
[Round "4"]
[White "Kacic Karlin,K"]
[Black "Fries,E"]
[Result "1-0"]
[WhiteElo "2192"]
[BlackElo "1802"]

1.d4 d5 2.Nf3 Nf6 3.c4 c6 4.Nc3 e6 5.e3 Nbd7 6.Bd3 dxc4 7.Bxc4 Nb6 8.Bb3 Nbd5
9.O-O Bd6 10.Qe2 Nxc3 11.bxc3 Qc7 12.c4 c5 13.e4 e5 14.dxe5 Bxe5 15.Nxe5 Qxe5
16.Bb2 Qe7 17.Ba4+ Kf8 18.e5 Bf5 19.Qf3  1-0

[Event "TCh-ESP CECLUB Norte Div 1"]
[Site "Sabadell ESP"]
[Date "2007.08.17"]
[Round "4"]
[White "Gomez Jurado,L"]
[Black "Alonso Arburu,Jo"]
[Result "1-0"]
[WhiteElo "2301"]
[BlackElo "2130"]

1.d4 d5 2.Nf3 e6 3.c4 Nf6 4.Nc3 c6 5.e3 Be7 6.Qc2 O-O 7.Bd2 Nbd7 8.h3 c5
9.cxd5 exd5 10.g4 cxd4 11.Nxd4 Nc5 12.Bg2 Re8 13.O-O-O Rb8 14.Be1 g6 15.Nde2 b5
16.Nxd5 Nxd5 17.Bxd5 Qb6 18.Bc3 Bf8 19.Bd4 b4 20.Kb1 Ba6 21.Nf4 Rec8 22.h4 Bb7
23.h5 g5 24.Qf5 Ra8  1-0

[Event "Euwe Stimulans"]
[Site "Arnhem NED"]
[Date "2007.08.18"]
[Round "2"]
[White "Rothuis,V"]
[Black "Wang Puchen"]
[Result "0-1"]
[WhiteElo "2441"]
[BlackElo "2348"]

1.d4 d5 2.c4 c6 3.Nc3 Nf6 4.Nf3 e6 5.e3 Nbd7 6.Qc2 b6 7.Bd2 Bb7 8.O-O-O Be7
9.Be2 Rc8 10.Ne5 O-O 11.g4 dxc4 12.e4 b5 13.g5 Nxe5 14.dxe5 Nd7 15.Be3 Qc7
16.f4 Nc5 17.g6 hxg6 18.h4 b4 19.h5 g5 20.fxg5 Qxe5 21.g6 Rcd8 22.h6 fxg6
23.hxg7 Qxg7 24.Bh6 Qe5 25.Rdg1 Rf6 26.Bh5 bxc3 27.Bxg6 Rxg6 28.Rxg6+ Kf7
29.Rg4 cxb2+ 30.Kb1 Ba6 31.Qf2+ Ke8 32.Rg8+ Kd7 33.Rd1+ Kc8 34.Rgxd8+ Bxd8
35.Rxd8+ Kxd8 36.Qf8+ Kd7 37.Qf7+ Kc8 38.Qf8+ Kb7 39.Qe7+ Kb6 40.Qd8+ Kb5
41.a4+ Nxa4  0-1

[Event "Spiltan Fonder IM"]
[Site "Gothenburg SWE"]
[Date "2007.08.18"]
[Round "8"]
[White "Ask,J"]
[Black "Vas,P SWE"]
[Result "1-0"]
[WhiteElo "2211"]
[BlackElo "2166"]

1.d4 Nf6 2.Nf3 d5 3.c4 e6 4.Nc3 c6 5.e3 Nbd7 6.Bd3 dxc4 7.Bxc4 b5 8.Be2 Bb7
9.e4 b4 10.e5 bxc3 11.exf6 Bb4 12.O-O Nxf6 13.bxc3 Bd6 14.Rb1 Qc7 15.Qb3 Rb8
16.Qa4 Ba8 17.Ba3 Rd8 18.Rb3 O-O 19.Bxd6 Rxd6 20.Ra3 Rd7 21.Ne5 Re7 22.Nd3 Ne4
23.f3 Nd6 24.Rb1 Rb8 25.Rxb8+ Qxb8 26.Rb3 Rb7 27.Nc5 Rxb3 28.axb3 Qb6 29.f4 Nf5
30.Bf3 Ne7 31.g3 Bb7 32.b4 Nd5 33.Qa3 Bc8 34.Kf2 Qb8 35.Ke1 Qb6 36.Kd2 Qb8
37.Qa4 Qb6 38.Nd3 Ba6 39.Ne5 Bb7 40.Be2 Ba8 41.Nd7 Qb7 42.Nc5 Qb6 43.Qa5 Nf6
44.Kc2 Kf8 45.Bf3 Ke7 46.Nd3 Nd5 47.Kd2 Bb7 48.c4 Nf6 49.Qxb6 axb6 50.Ne5 Nd7
51.Nxc6+ Kd6 52.b5 f6 53.Ke3 Bxc6 54.Bxc6 Nf8 55.Kd3 e5 56.dxe5+ fxe5 57.f5 h6
58.g4 Nh7 59.h4 Nf6 60.g5 hxg5 61.hxg5 Nh5 62.Bf3 Nf4+ 63.Kc3 Nh3 64.f6 g6
65.f7 Ke7 66.c5 e4 67.Bxe4 Nxg5 68.Bd5 Nh7 69.cxb6 Kd6 70.b7 Kc7 71.Kd4 Nf8
72.Ke5 Nh7 73.Ke6 Ng5+ 74.Ke7 Nxf7 75.Kxf7 g5 76.Ke7 g4 77.Be4 g3 78.Bg2 Kb8
79.Kd8 Ka7 80.Kc8  1-0

[Event "ch-SLO"]
[Site "Ljubljana SLO"]
[Date "2007.08.18"]
[Round "8"]
[White "Gombac,Jan"]
[Black "Pavasovic,D"]
[Result "0-1"]
[WhiteElo "2290"]
[BlackElo "2584"]

1.d4 d5 2.c4 e6 3.Nf3 Nf6 4.Nc3 c6 5.e3 Nbd7 6.Bd3 dxc4 7.Bxc4 b5 8.Bd3 Bd6
9.Ng5 Bb7 10.Qf3 Qb6 11.Qh3 Be7 12.O-O h6 13.a4 a6 14.Bd2 c5 15.axb5 O-O
16.bxa6 Bxa6 17.Rxa6 Rxa6 18.Bxa6 Qxa6 19.Nf3 Rb8 20.Rb1 Qd3 21.Be1 Ne4 22.Rd1 Qc2
23.d5 Nxc3 24.Rd2 Qc1 25.bxc3 Ne5 26.Re2 Nxf3+ 27.Qxf3 Rb1 28.g3 Qxc3 29.Kf1 Qc4
30.dxe6 Rxe1+ 31.Kg2 Rxe2 32.Qxf7+ Kh7 33.Qxe7 Qe4+ 34.Kf1  0-1

[Event "TCh-ESP CECLUB Norte Div 1"]
[Site "Sabadell ESP"]
[Date "2007.08.18"]
[Round "5"]
[White "Romon Poves,R"]
[Black "Baron Rodriguez,Je"]
[Result "0-1"]
[WhiteElo "2211"]
[BlackElo "2424"]

1.d4 d5 2.c4 e6 3.Nc3 c6 4.e3 Nf6 5.Nf3 Nbd7 6.Bd3 dxc4 7.Bxc4 b5 8.Bd3 a6
9.e4 c5 10.e5 cxd4 11.Nxb5 Nxe5 12.Nxe5 axb5 13.Bxb5+ Bd7 14.Nxd7 Qa5+ 15.Bd2 Qxb5
16.Nxf8 Rxf8 17.a4 Qc4 18.b3 Qd3 19.Qf3 Qe4+ 20.Qxe4 Nxe4 21.Ke2 Kd7 22.Rhc1 Rfb8
23.Rc4 e5 24.b4 Ke6 25.Be1 Nd6 26.Rc7 e4 27.f3 f5 28.Rc6 Rc8 29.Rxc8 Rxc8
30.Ra2 d3+ 31.Kf2 f4 32.Bd2 e3+ 33.Bxe3 fxe3+ 34.Kxe3 Rc3 35.Rd2 Nf5+ 36.Ke4 Rb3
37.g4 Nd6+ 38.Kd4 Rxb4+ 39.Kxd3 Rxa4 40.Rc2 Ra3+ 41.Ke2 Nb5 42.Rd2 Ra2 43.Rxa2 Nc3+
44.Ke3 Nxa2 45.f4 Kd5 46.h4 Nb4 47.h5 Nc6 48.Kf3 Kd4 49.Kg3 Nd8 50.Kf3 Nf7
51.Kg3 Ke4 52.f5 h6 53.Kh4 Kf4  0-1

[Event "ch-FRA"]
[Site "Aix-les-Bains FRA"]
[Date "2007.08.19"]
[Round "6"]
[White "Dorfman,J"]
[Black "Renet,O"]
[Result "1-0"]
[WhiteElo "2584"]
[BlackElo "2498"]

1.d4 d5 2.c4 c6 3.Nf3 Nf6 4.e3 e6 5.Nc3 Nbd7 6.Qc2 Bd6 7.e4 dxe4 8.Nxe4 Nxe4
9.Qxe4 Qe7 10.Bf4 Bb4+ 11.Bd2 Bxd2+ 12.Nxd2 e5 13.dxe5 Qxe5 14.f4 Qe7 15.O-O-O Nf6
16.Qxe7+ Kxe7 17.Re1+ Kd6 18.Bd3 Be6 19.Nf3 h6 20.Kc2 Rad8 21.Re3 Rhe8 22.Rhe1 Ng4
23.R3e2 Bd7 24.h3 Rxe2+ 25.Rxe2 Nf6 26.Ne5 Be8 27.g4 Nd7 28.b4 c5 29.Nxd7 Bxd7
30.bxc5+ Kxc5 31.Re7 Bc6 32.Rxf7 Kd4 33.Rxg7 Ke3 34.Bf5 Kxf4 35.Rh7 Kg5 36.Kc3 a5
37.h4+ Kxh4 38.Rxh6+ Kg5 39.Rg6+ Kf4 40.Rg7 Rd1 41.Rf7 Ke5 42.Bc2 Rc1 43.Rf5+ Kd6
44.c5+ Ke6 45.Rf2 Kd5 46.Rf5+ Ke6 47.Kb2 Rxc2+ 48.Kxc2 Be4+ 49.Kb3 Bxf5 50.gxf5+ Kxf5
51.Ka4  1-0

[Event "Independence Cup A"]
[Site "Kyiv UKR"]
[Date "2007.08.19"]
[Round "7"]
[White "Lebed,P"]
[Black "Chernozem,S"]
[Result "0-1"]
[WhiteElo "2069"]
[BlackElo "2098"]

1.Nf3 d5 2.d4 Nf6 3.c4 c6 4.e3 e6 5.Nc3 Nbd7 6.Bd3 dxc4 7.Bxc4 b5 8.Bb3 Bb7
9.O-O a6 10.Qe2 c5 11.Rd1 Qb6 12.e4 cxd4 13.Nxd4 Bc5 14.Nf3 O-O 15.Bg5 Bc6
16.Rd2 Qb7 17.Bc2 b4 18.Na4 Ba7 19.Re1 e5 20.Bxf6 Nxf6 21.Nxe5 Bb5 22.Qf3 Rac8
23.Bb3 Bb8 24.Ng4 Nxg4 25.Qxg4 Qc7 26.e5 Qa5 27.Qd1 Kh8 28.Rd5 Ba7 29.Qd2 Rcd8
30.Rd1 Rxd5 31.Qxd5 g6 32.Qd6 Kg8 33.Nc5 Bb8 34.Qe7 Qc7 35.Qxc7 Bxc7 36.e6 Bb6
37.exf7+ Kh8 38.Ne4 h6 39.Nd6 Bc6 40.Rc1 Bd7 41.Nc4 Bc7 42.Ne3 Be5 43.Rc2 Kg7
44.g3 a5 45.Rd2 Bh3 46.f4 Bb8 47.Kf2 a4 48.Bd5 Ba7 49.Kf3 Rd8 50.Nc4 a3 51.bxa3 bxa3
52.Ne5 Be6 53.Nxg6 Bxf7 54.Ne7 Kf8 55.Rc2 Bxd5+ 56.Nxd5 Rxd5 57.Rc8+ Ke7
58.Rh8 Bc5 59.Rh7+ Ke8 60.Rxh6 Rd1 61.Re6+ Kf7 62.Re2 Bd4 63.g4 Bb2 64.h4 Ra1
65.h5 Rxa2 66.g5 Ra1 67.Kg2 Rd1 68.h6 a2 69.Rxb2 a1=Q 70.Rb7+ Kg6 71.Rb6+ Kf5
72.h7 Qa2+ 73.Kf3  0-1

[Event "ch-FRA"]
[Site "Aix-les-Bains FRA"]
[Date "2007.08.20"]
[Round "7"]
[White "Renet,O"]
[Black "Tkachiev,V"]
[Result "1/2-1/2"]
[WhiteElo "2498"]
[BlackElo "2655"]

1.d4 d5 2.c4 e6 3.Nc3 c6 4.e3 Nf6 5.Nf3 a6 6.b3 c5 7.cxd5 cxd4 8.Qxd4 exd5
9.Bb2 Nc6 10.Qd3 Bd6 11.Be2 O-O 12.O-O Be6 13.Rad1 Rc8 14.e4 Re8 15.Nxd5 Bxd5
16.Bxf6 Bxe4 17.Qxd6 Qxf6 18.Qxf6 gxf6 19.Rd2  1/2-1/2